| 000 | 00365nam a22001577a 4500 | ||
|---|---|---|---|
| 020 | _a978-0-141-50174-1 | ||
| 082 |
_a823 _bDAH/D |
||
| 100 | _aDAHL,ROALD | ||
| 245 |
_aDIRTY BEATS _bANIMAL STORY |
||
| 246 |
_aDIRTY BEATS _bANIMAL STORY |
||
| 260 |
_aLONDON _bPRUFFIN BOOKS _c2009 |
||
| 300 | _a32 | ||
| 520 | _aANIMAL STORY | ||
| 650 | _aANIMAL STORY | ||
| 942 | _cBK | ||
| 999 |
_c2548 _d2548 |
||